000 00323 a2200157 4500
001 165246
020 _a
040 _cMagnum
100 _aJose, Elias
240 1 0 _aAs bailarinas e o pintor
_lpor
245 1 0 _aAs bailarinas e o pintor
362 0 _a1899
440 1 _aDimensão
697 _aIJ/GERAL
942 _cBK
999 _c165246
_d165246